000 00310nam a2200133Ia 4500
008 191201s2005 xx 000 0 und d
100 _aBALI, S P
245 0 _aConsumer Electronics
250 _a1st
260 _aN.Delhi
_bPearson Education
_c2005
300 _a725
650 _aB.Tech(ECE)
942 _2ddc
_cBK
999 _c1748
_d1748